000 00334nam a2200133Ia 4500
008 240624s9999 xx 000 0 und d
041 _aeng
082 _a658.4 WAL
100 _aWALLERSTEIN IMMANUEL
245 _aMODERN WORLD SYSTEM
260 _c2011
_aLondon
_bUniversity of California Press
300 _a440 : p.
365 _c
_b26
999 _c20935
_d20935